The story of Gandhi / (Record no. 142880)

MARC details
000 -LEADER
fixed length control field nam a22 7a 4500
005 - DATE AND TIME OF LATEST TRANSACTION
control field 20180801132859.0
008 - FIXED-LENGTH DATA ELEMENTS--GENERAL INFORMATION
fixed length control field 180801b ii||||| |||| 00| 0 eng d
020 ## - INTERNATIONAL STANDARD BOOK NUMBER
International Standard Book Number 8170110645
050 04 - LIBRARY OF CONGRESS CALL NUMBER
Classification number PR9480
Item number S53 1969
100 1# - MAIN ENTRY--PERSONAL NAME
Personal name Shanker, Rajkumari
245 14 - TITLE STATEMENT
Title The story of Gandhi /
Statement of responsibility, etc by Rajkumari Shanker
260 ## - PUBLICATION, DISTRIBUTION, ETC. (IMPRINT)
Place of publication, distribution, etc Nueva Delhi :
Name of publisher, distributor, etc Children's Book Trust,
Date of publication, distribution, etc 1969
300 ## - PHYSICAL DESCRIPTION
Extent 119 p. :
Other physical details il. ;
Dimensions 24 cm.
600 ## - SUBJECT ADDED ENTRY--PERSONAL NAME
Personal name Gandhi, Mahatma
Dates associated with a name 1869-1948
650 #7 - SUBJECT ADDED ENTRY--TOPICAL TERM
Source of heading or term lemb
Topical term or geographic name as entry element Literatura inglesa
Form subdivision Libros de lectura
942 ## - ADDED ENTRY ELEMENTS (KOHA)
Source of classification or shelving scheme Biblioteca del Cogreso de los Estados Unidos
Koha item type Libro
Holdings
Estado de pérdida Fuente de clasificación Estado del daño No para préstamo Ubicación permanente Ubicación actual Apartado o colección Fecha de adquisición Fuente de adquisición Edición Área del conocimiento Clasificación Código de Barras Date last seen Número de copia Tipo de recurso
  Biblioteca del Cogreso de los Estados Unidos     Biblioteca del Departamento de Idiomas Biblioteca del Departamento de Idiomas General 01/08/2018 Donación 1a Educación y Humanidades PR9480 S53 1969 BDI000002594 01/08/2018 1 Libro